Indovina la figura retorica - Statistics

Statistiche generali
  • Questo quiz è stato fatto 1.485 volte
  • Il punteggio medio è 6 su 10
Statistiche sulle risposte
Esempio Figura retorica % Corretto
Tu sei come una giovane Similitudine
92%
Luigi è un coniglio Metafora
91%
Caldo brivido Ossimoro
87%
L'ho ripetuto già mille volte Iperbole
86%
Il pietoso pastor pianse al suo pianto Allitterazione
75%
La fuga e la vittoria, la reggia e il tristo esiglio Chiasmo
63%
Non mi sembri un fenomeno Litote
58%
E mangia e bee e dorme e veste panni Polisindeto
49%
Cred'io ch'ei credette ch'io credesse Poliptoto
33%
Il sorgere degli astri antichi Ipallage
9%
Nessun quiz corrispondente trovato
Distribuzione punteggi
Percentuale di utenti per punteggio
Percentile per numero di risposta
I tuoi punteggi nel tempo
Non hai fatto questo quiz